[Event "Titled Tuesday intern op 23rd Mar"]
[Site "Chess.com INT"]
[Date "2021.03.23"]
[Round "5"]
[White "Kamara, Ansumana"]
[Black "Hansen, Soren Bech"]
[Result "0-1"]
[WhiteElo "1899"]
[BlackElo "2274"]
[PlyCount "86"]
[EventDate "2021.03.23"]
[EventType "swiss (blitz)"]
[EventRounds "11"]
[EventCountry "USA"]
[SourceTitle "CBM 201 Extra"]
[Source "ChessBase"]
[SourceDate "2021.05.31"]
[SourceVersion "1"]
[SourceVersionDate "2021.05.31"]
[SourceQuality "1"]

1. e4 c5 2. Nf3 Nc6 3. d4 cxd4 4. Nxd4 Nf6 5. Nc3 e5 6. Ndb5 d6 7. Bg5 a6 8. Na3 b5 9. Nd5 Be7 10. Nxe7 Qxe7 11. f3 0-0 12. Bd3 Be6 13. 0-0 h6 14. Bh4 g5 15. Bf2 Nh5 16. g3 Nb4 17. f4 Nxd3 18. cxd3 Nf6 19. Qd2 Bh3 20. fxg5 Nh7 21. gxh6 Bxf1 22. Rxf1 Rac8 23. Qe2 Qg5 24. Be3 Qg6 25. Rf5 f6 26. Qf3 Ng5 27. Qg4 Qxh6 28. h4 Rc7 29. hxg5 Qg6 30. Qh4 Rh7 31. Qg4 Rh5 32. Nc2 Kh8 33. Ne1 Rf7 34. Nf3 fxg5 35. Nxg5 Rxf5 36. exf5 Qe8 37. f6 Qg6 38. f7 Kg7 39. Ne6+ Kxf7 40. Ng5+ Kg7 41. Qd7+ Kh8 42. Qd8+ Qg8 43. Nf7+ Kg7 0-1

[Event "Titled Tuesday intern op 02nd Mar"]
[Site "Chess.com INT"]
[Date "2021.03.02"]
[Round "1"]
[White "Kamara, Ansumana"]
[Black "Grunberg, Mihai Lucian"]
[Result "0-1"]
[WhiteElo "1899"]
[BlackElo "2401"]
[PlyCount "76"]
[EventDate "2021.03.02"]
[EventType "swiss (blitz)"]
[EventRounds "11"]
[EventCountry "USA"]
[SourceTitle "CBM 201 Extra"]
[Source "ChessBase"]
[SourceDate "2021.05.31"]
[SourceVersion "1"]
[SourceVersionDate "2021.05.31"]
[SourceQuality "1"]

1. e4 e5 2. Nf3 Nc6 3. Bb5 Nf6 4. 0-0 Bc5 5. d3 d6 6. c3 0-0 7. Bg5 Bg4 8. h3 Bh5 9. g4 Bg6 10. Re1 a6 11. Ba4 b5 12. Bc2 h6 13. Bh4 Bh7 14. a3 Bb6 15. d4 exd4 16. cxd4 Re8 17. Nc3 g5 18. Bg3 Qd7 19. e5 dxe5 20. Bxh7+ Nxh7 21. dxe5 Rad8 22. Qxd7 Rxd7 23. Ne4 Red8 24. Rac1 Nd4 25. Nxd4 Bxd4 26. Rc2 Kg7 27. Rec1 Nf8 28. Rxc7 Bxb2 29. R1c2 Rxc7 30. Rxc7 Bxa3 31. Ra7 Ne6 32. Rxa6 Be7 33. Ra7 Kf8 34. Nf6 b4 35. Rb7 Nd4 36. h4 gxh4 37. Bxh4 Nf3+ 38. Kg2 Nxh4+ 0-1

[Event "Titled Tuesday intern op 02nd Mar"]
[Site "Chess.com INT"]
[Date "2021.03.02"]
[Round "8"]
[White "Kamara, Ansumana"]
[Black "Sarkar, Justin"]
[Result "0-1"]
[WhiteElo "1899"]
[BlackElo "2366"]
[PlyCount "120"]
[EventDate "2021.03.02"]
[EventType "swiss (blitz)"]
[EventRounds "11"]
[EventCountry "USA"]
[SourceTitle "CBM 201 Extra"]
[Source "ChessBase"]
[SourceDate "2021.05.31"]
[SourceVersion "1"]
[SourceVersionDate "2021.05.31"]
[SourceQuality "1"]

1. e4 c5 2. Nf3 d6 3. d4 cxd4 4. Nxd4 Nf6 5. Nc3 Nc6 6. Be3 Ng4 7. Nxc6 bxc6 8. Bd2 Qb6 9. Qe2 Qxb2 10. Rc1 g6 11. f3 Nf6 12. Qc4 Qb6 13. Rb1 Qc7 14. Nb5 Qd7 15. Nd4 c5 16. Qb3 a6 17. Ne2 Bg7 18. Ng3 0-0 19. Bc4 e6 20. 0-0 d5 21. exd5 exd5 22. Be2 c4 23. Qa3 Qc6 24. Rfd1 Be6 25. Be3 Rfb8 26. Bf2 Nd7 27. h3 Bf8 28. Qe3 Bc5 29. Qf4 Bxf2+ 30. Kxf2 Qc5+ 31. Qe3 Qxe3+ 32. Kxe3 Kf8 33. Kf2 Ke7 34. a4 Nc5 35. a5 Na4 36. Nf1 Nc3 37. Rxb8 Nxd1+ 38. Bxd1 Rxb8 39. Ke1 Rb5 40. Kd2 Rxa5 41. Ne3 Kd6 42. g4 Kc5 43. f4 d4 44. Ng2 Ra3 45. h4 Rg3 46. Ne1 c3+ 47. Ke2 Bxg4+ 48. Kf2 Bxd1 49. Kxg3 a5 50. Nd3+ Kd5 51. Ne1 a4 52. Kf2 a3 53. Nd3 Bxc2 54. Nb4+ Kc4 55. Nxc2 a2 56. Ke2 d3+ 57. Kd1 dxc2+ 58. Kxc2 a1Q 59. h5 Qb2+ 60. Kd1 Qd2# 0-1

[Event "Titled Tuesday intern op 23rd Feb"]
[Site "Chess.com INT"]
[Date "2021.02.23"]
[Round "9"]
[White "Prohorov, Olexandr"]
[Black "Kamara, Ansumana"]
[Result "1-0"]
[WhiteElo "2086"]
[BlackElo "1899"]
[PlyCount "47"]
[EventDate "2021.02.23"]
[EventType "swiss (blitz)"]
[EventRounds "11"]
[EventCountry "USA"]
[SourceTitle "CBM 200 Extra"]
[Source "ChessBase"]
[SourceDate "2021.03.31"]
[SourceVersion "1"]
[SourceVersionDate "2021.03.31"]
[SourceQuality "1"]

1. e4 c5 2. Nf3 d6 3. c3 e5 4. d4 cxd4 5. cxd4 exd4 6. Nxd4 Nc6 7. Nc3 Nf6 8. Bc4 Be7 9. 0-0 0-0 10. h3 a6 11. a4 Bd7 12. Re1 Qc8 13. Ba2 Ne5 14. Bg5 Bxh3 15. gxh3 Qxh3 16. Re3 Qh5 17. Bxf6 Qg6+ 18. Rg3 Qxf6 19. Nd5 Qh4 20. Nf5 Qxe4 21. Rxg7+ Kh8 22. Qh5 Nf3+ 23. Kf1 Qc4+ 24. Bxc4 1-0

[Event "Titled Tuesday intern op 23rd Feb"]
[Site "Chess.com INT"]
[Date "2021.02.23"]
[Round "7"]
[White "Sernecki, Franciszek"]
[Black "Kamara, Ansumana"]
[Result "1-0"]
[WhiteElo "2197"]
[BlackElo "1899"]
[PlyCount "63"]
[EventDate "2021.02.23"]
[EventType "swiss (blitz)"]
[EventRounds "11"]
[EventCountry "USA"]
[SourceTitle "CBM 200 Extra"]
[Source "ChessBase"]
[SourceDate "2021.03.31"]
[SourceVersion "1"]
[SourceVersionDate "2021.03.31"]
[SourceQuality "1"]

1. d4 Nf6 2. c4 g6 3. Nc3 Bg7 4. e4 d6 5. Nf3 0-0 6. Be2 e5 7. 0-0 Nc6 8. d5 Ne7 9. b4 Nd7 10. Ba3 b6 11. c5 bxc5 12. bxc5 Nxc5 13. Bxc5 dxc5 14. Na4 f5 15. Bd3 c4 16. Bxc4 fxe4 17. Ng5 Qd6 18. Nxe4 Qb4 19. Qc2 Kh8 20. Rab1 Qa3 21. Nac5 Bf5 22. Rb3 Qa5 23. Qe2 Bxe4 24. Nxe4 Rab8 25. Rfb1 Rxb3 26. Rxb3 Nf5 27. Rb1 Nd4 28. Qe3 h6 29. d6 cxd6 30. Nxd6 Qc5 31. Nf7+ Rxf7 32. Bxf7 1-0

[Event "Titled Tuesday intern op 16th Feb"]
[Site "Chess.com INT"]
[Date "2021.02.16"]
[Round "5"]
[White "Bruned, Yvalin"]
[Black "Kamara, Ansumana"]
[Result "1-0"]
[WhiteElo "2286"]
[BlackElo "1899"]
[PlyCount "103"]
[EventDate "2021.02.16"]
[EventType "swiss (blitz)"]
[EventRounds "11"]
[EventCountry "USA"]
[SourceTitle "EXT 2022"]
[Source "ChessBase"]
[SourceDate "2021.10.06"]
[SourceVersion "1"]
[SourceVersionDate "2021.10.06"]
[SourceQuality "1"]

1. b3 Nf6 2. Bb2 e6 3. e3 Be7 4. Nf3 0-0 5. Be2 c6 6. 0-0 d5 7. d4 Nbd7 8. c4 Qc7 9. Ba3 Bxa3 10. Nxa3 Ne4 11. Nb1 f5 12. Qc2 Qd8 13. Nbd2 h6 14. Rad1 g5 15. Ne5 Nxe5 16. dxe5 Qc7 17. Nxe4 fxe4 18. cxd5 exd5 19. Rxd5 Be6 20. Rd6 Bf5 21. Bc4+ Kg7 22. Be6 Bxe6 23. Rxe6 Rae8 24. Rxe8 Rxe8 25. Qxe4 Qxe5 26. Qxe5+ Rxe5 27. Rd1 Kf7 28. Kf1 Ke6 29. Ke2 Ra5 30. Rd2 b5 31. e4 c5 32. Rc2 b4 33. Ke3 Ke5 34. f3 h5 35. g3 a6 36. f4+ gxf4+ 37. gxf4+ Ke6 38. Rg2 Kf6 39. Kd3 Rb5 40. Kc4 Ra5 41. Re2 Ke6 42. e5 Rb5 43. f5+ Kxf5 44. e6 Rb8 45. e7 Re8 46. Kxc5 h4 47. Kd6 Kg4 48. Kd7 Rxe7+ 49. Kxe7 Kf3 50. Rc2 h3 51. Kd6 a5 52. Kc5 1-0

[Event "Titled Tuesday intern op 16th Feb"]
[Site "Chess.com INT"]
[Date "2021.02.16"]
[Round "7"]
[White "Kamara, Ansumana"]
[Black "Li, Hui"]
[Result "1-0"]
[WhiteElo "1899"]
[BlackElo "1985"]
[PlyCount "89"]
[EventDate "2021.02.16"]
[EventType "swiss (blitz)"]
[EventRounds "11"]
[EventCountry "USA"]
[SourceTitle "EXT 2022"]
[Source "ChessBase"]
[SourceDate "2021.10.06"]
[SourceVersion "1"]
[SourceVersionDate "2021.10.06"]
[SourceQuality "1"]

1. e4 e5 2. Nf3 Nf6 3. Nxe5 d6 4. Nf3 Nxe4 5. Qe2 Qe7 6. d3 Nf6 7. Bg5 Qxe2+ 8. Bxe2 Be7 9. Nc3 c6 10. 0-0 Na6 11. Rfe1 Nc5 12. d4 Ne6 13. Bh4 d5 14. Ne5 0-0 15. Rad1 Re8 16. f4 Ne4 17. Bxe7 Nxc3 18. bxc3 Rxe7 19. g3 Bd7 20. Bd3 Nf8 21. Nxd7 Rxd7 22. Re2 Ne6 23. Rde1 Rdd8 24. Bf5 Nc7 25. Re7 Re8 26. Kf2 Kf8 27. Rxc7 Rxe1 28. Kxe1 Rb8 29. Rc8+ Rxc8 30. Bxc8 b6 31. Bb7 c5 32. Bxd5 Ke7 33. dxc5 bxc5 34. c4 f6 35. Kd2 Kd6 36. Ke3 Ke7 37. Ke4 Kd6 38. h4 g6 39. g4 Ke7 40. h5 Kd6 41. c3 Ke7 42. Bg8 gxh5 43. gxh5 h6 44. Kd5 Kd7 45. Kxc5 1-0

[Event "Titled Tuesday intern op 16th Feb"]
[Site "Chess.com INT"]
[Date "2021.02.16"]
[Round "1"]
[White "Kamara, Ansumana"]
[Black "Nikolovski, Nikola"]
[Result "0-1"]
[WhiteElo "1899"]
[BlackElo "2454"]
[PlyCount "62"]
[EventDate "2021.02.16"]
[EventType "swiss (blitz)"]
[EventRounds "11"]
[EventCountry "USA"]
[SourceTitle "EXT 2022"]
[Source "ChessBase"]
[SourceDate "2021.10.06"]
[SourceVersion "1"]
[SourceVersionDate "2021.10.06"]
[SourceQuality "1"]

1. e4 c6 2. d4 d5 3. Nc3 dxe4 4. Nxe4 Nf6 5. Nxf6+ gxf6 6. Nf3 Rg8 7. c3 Bg4 8. h3 Bh5 9. g4 Bg6 10. Bd3 Nd7 11. Be3 Nb6 12. c4 e6 13. 0-0 f5 14. Ne5 fxg4 15. Nxg6 gxh3 16. Kh2 hxg6 17. Qg4 Qc7+ 18. Kh1 0-0-0 19. a4 f5 20. Qg3 Bd6 21. Qf3 Bh2 22. a5 Nd7 23. b4 g5 24. b5 g4 25. Qe2 f4 26. b6 axb6 27. axb6 Nxb6 28. Bd2 g3 29. fxg3 fxg3 30. Qxe6+ Kb8 31. Rf7 g2# 0-1

[Event "African Online op"]
[Site "Tornelo INT"]
[Date "2021.02.03"]
[Round "5"]
[White "Kamara, Ansumana"]
[Black "Alberto, Manuel"]
[Result "0-1"]
[WhiteElo "1899"]
[BlackElo "2167"]
[PlyCount "84"]
[EventDate "2021.02.01"]
[EventType "swiss (rapid)"]
[EventRounds "9"]
[EventCountry "NET"]
[SourceTitle "CBM 200 Extra"]
[Source "ChessBase"]
[SourceDate "2021.03.31"]
[SourceVersion "1"]
[SourceVersionDate "2021.03.31"]
[SourceQuality "1"]

1. e4 c5 2. Nf3 d6 3. d4 cxd4 4. Nxd4 Nf6 5. Nc3 a6 6. Be3 e5 7. Nb3 Be6 8. f3 h5 9. Qd2 Nbd7 10. g3 Rc8 11. 0-0-0 Be7 12. h3 b5 13. Kb1 b4 14. Nd5 Bxd5 15. exd5 a5 16. Bb5 0-0 17. g4 Nb6 18. Nxa5 Nbxd5 19. g5 Qxa5 20. gxf6 Nxf6 21. Qd3 d5 22. b3 e4 23. fxe4 Nxe4 24. Bd4 Bf6 25. Bxf6 Nxf6 26. Ba4 Rc3 27. Qf5 Rfc8 28. Rh2 Qc7 29. Rg2 Kf8 30. Rdg1 Ne4 31. Rxg7 Rxc2 32. Rg8+ Ke7 33. Rxc8 Qxc8 34. Qe5+ Kf8 35. Rd1 Rg2 36. Qh8+ Rg8 37. Qh6+ Ke7 38. Qe3 Rg2 39. Rc1 Qf5 40. Rc7+ Kf8 41. Bd7 Nc3+ 42. Kc1 Qb1# 0-1

[Event "African Online op"]
[Site "Tornelo INT"]
[Date "2021.02.02"]
[Round "3"]
[White "Kamara, Ansumana"]
[Black "Oatlhotse, Providence"]
[Result "0-1"]
[WhiteElo "1899"]
[BlackElo "2190"]
[PlyCount "64"]
[EventDate "2021.02.01"]
[EventType "swiss (rapid)"]
[EventRounds "9"]
[EventCountry "NET"]
[SourceTitle "CBM 200 Extra"]
[Source "ChessBase"]
[SourceDate "2021.03.31"]
[SourceVersion "1"]
[SourceVersionDate "2021.03.31"]
[SourceQuality "1"]

1. e4 c5 2. Nf3 e6 3. d4 cxd4 4. Nxd4 Nf6 5. Nc3 d6 6. Be3 a6 7. f3 Be7 8. Qd2 0-0 9. 0-0-0 b5 10. g4 Bb7 11. h4 b4 12. Nce2 Nfd7 13. g5 Ne5 14. Ng3 Qc7 15. h5 Nbc6 16. g6 Nxd4 17. gxf7+ Rxf7 18. Bxd4 Nxf3 19. Qxb4 d5 20. Qc3 Qxg3 21. Rg1 Qf4+ 22. Be3 Qxe4 23. Bg2 Qxe3+ 24. Qxe3 Bg5 25. Rge1 Bxe3+ 26. Rxe3 Ng5 27. Re5 h6 28. c4 Rc8 29. b3 dxc4 30. Bxb7 Rxb7 31. bxc4 Rxc4+ 32. Kd2 Nf3+ 0-1